| 000 | 00567nam a22002057a 4500 | ||
|---|---|---|---|
| 003 | OSt | ||
| 005 | 20140310182940.0 | ||
| 008 | 130202t xxu||||| |||| 00| 0 eng d | ||
| 020 | _a9712711838 | ||
| 050 |
_aDS 689 _b.B539 2002 |
||
| 082 |
_aFIL 305.4333 _b.B539 2002 |
||
| 245 |
_aThe Tayabas chronicles : the early years (1886-1907) _cBerthelsen, Nita Umali |
||
| 260 |
_aPasig City _bAnvil Pub. _cc2002 |
||
| 300 |
_axviii, 231 p. _bill. _c23 cm. |
||
| 521 | _aCollege | ||
| 526 | _c1210L-1700L | ||
| 541 | _j1 | ||
| 562 | _e1 | ||
| 942 |
_2lcc _cBK _kFIL |
||
| 999 |
_c17700 _d17700 |
||